|
|
|
|
| LEADER |
01188nam a2200349 a 4500 |
| 001 |
000059826 |
| 003 |
CZ BrMZK |
| 005 |
20211221134944.0 |
| 007 |
ta |
| 008 |
950313s1996 xr g j cze d |
| 015 |
|
|
|a cnb000115000
|
| 020 |
|
|
|a 80-237-2715-X
|
| 040 |
|
|
|a BOA001
|b cze
|
| 041 |
1 |
|
|a cze
|h ger
|
| 072 |
|
7 |
|a 821-31/-34
|x Milostná, dobrodružná, fantastická próza
|2 Konspekt
|9 25
|
| 080 |
|
|
|a 821-32
|2 MRF
|
| 080 |
|
|
|a (0:82-32)
|2 MRF
|
| 100 |
1 |
|
|a Jensen, Manuela
|7 ola2007404864
|4 aut
|
| 245 |
1 |
0 |
|a Studoval jsem pro tebe /
|c Manuela Jensenová ; [z němčiny přeložila Marie Bečvářová]
|
| 250 |
|
|
|a Vyd. 1.
|
| 260 |
|
|
|a Praha :
|b I. Železný,
|c 1996
|
| 300 |
|
|
|a 60 s. ;
|c 18 cm
|
| 490 |
1 |
|
|a Doktor v domě ;
|v 169 (10/966)
|
| 490 |
1 |
|
|a Knihovnička Večerů pod lampou ;
|v 1999
|
| 655 |
|
7 |
|a povídky
|7 fd133105
|2 czenas
|
| 700 |
1 |
|
|a Bečvářová, Marie,
|d 1879-1936
|7 jn20000400171
|4 trl
|
| 765 |
0 |
|
|t Tief in meinem Herzen
|
| 830 |
|
0 |
|a Doktor v domě
|
| 830 |
|
0 |
|a Knihovnička Večerů pod lampou
|
| 910 |
|
|
|a BOA001
|b 1-1017.741
|
| 990 |
|
|
|a BK
|
| 996 |
6 |
|
|b 2610033139
|c 1-1017.741
|l MZK
|r Sklad / do 1 hodiny
|n 0
|p p.v.
|w 000059826
|u 000010
|a 1
|e BOA001
|j MZK50
|s P
|